[Event "Barcelona Ateneu Colon op 7th"]
[Site "Barcelona"]
[Date "2012.03.14"]
[Round "1"]
[White "Soria Marchal, Ruben"]
[Black "Picanol Alemany, Antonio"]
[Result "0-1"]
[WhiteElo "1803"]
[BlackElo "2295"]
[PlyCount "92"]
[EventDate "2012.03.14"]
[EventType "swiss"]
[EventRounds "9"]
[EventCountry "ESP"]
[SourceTitle "EXT 2013"]
[Source "ChessBase"]
[SourceDate "2012.11.22"]
[SourceVersion "1"]
[SourceVersionDate "2012.11.22"]
[SourceQuality "1"]

1. Nf3 c5 2. g3 Nc6 3. Bg2 g6 4. d3 Bg7 5. Nbd2 Nf6 6. c3 0-0 7. 0-0 d5 8. Qc2 e5 9. e4 h6 10. Re1 Re8 11. a4 Be6 12. Nb3 Qb6 13. a5 Qc7 14. Nxc5 dxe4 15. Nxe6 Rxe6 16. dxe4 Nxa5 17. Bh3 Rc6 18. Nh4 Re8 19. Qa4 b6 20. b4 Nb7 21. Bb2 a5 22. Qb3 Rc4 23. Bf1 Rxe4 24. Nxg6 Nd6 25. Bd3 a4 26. Qa2 Rxe1+ 27. Rxe1 e4 28. Bf1 b5 29. Nf4 Qc6 30. c4 Nxc4 31. Rc1 Rc8 32. Bh3 Rd8 33. Bf1 Rd2 34. Bxc4 bxc4 35. Qa3 Qb6 36. Rf1 Ng4 37. Bxg7 Nxf2 38. Qc3 Nd1+ 39. Bd4 Rxd4 40. Qe1 Rd2+ 41. Kh1 Nf2+ 42. Kg2 c3 43. Rxf2 Rxf2+ 44. Qxf2 Qxf2+ 45. Kxf2 a3 46. Nd5 c2 0-1